00447 a2200169 4500003000500000005001700005040000900022082001300031100002000044245003500064260002200099300001000121650001400131942000900145999001900154952010400173Nust20170207153529.0 cNust a891.4393 a Karim,Mustafa aToofan Ke AahatcMustafa Karim aLahorebSchehrzad a444:p aurdu Adab cBVOL c187894d187894 00102ddc40708NFICaMCSbMCSd2016-12-12l0o891.4393 MUSpMCS31940r2016-12-08w2016-12-12yBK